000 00777nam a2200253Ia 4500
003 OSt
005 20220925204908.0
006 a|||||r|||| 00| 0
007 ta
008 220923b |||||||| |||| 00| 0 eng d
037 _cGeneral Book
040 _aRTL
_cRTL
_beng
041 _2eng
_aeng
082 _aY38, K6
100 _aVan Nieuwenhuijze C A O
_9269217
245 0 _aNation and the ideal city
_b Three studies in social
260 _aHague
_bMouton
_c1966
300 _a148p
_ccm.
490 _aStudies in the Social Sciences. Ed by C A O Van Nieuwenhuijze
500 _aBibliography at the end of each chapter
650 _aCity Sociology
_9235611
942 _hY38, K6
_cGB
_2CC
999 _c550701
_d550701